Neighborhoods in Nilüfer - Statistics

General Stats
  • This quiz has been taken 7 times
  • The average score is 45 of 64
Answer Stats
Hint Answer % Correct
# 19 Mayıs
100%
# 23 Nisan
100%
# 29 Ekim
100%
A Ataevler
100%
B Balat
100%
B Barış
100%
B Beşevler
100%
E Ertuğrul
100%
G Görükle
100%
İ İhsaniye
100%
O Odunluk
100%
Ö Özlüce
100%
T Tahtalı
100%
Ü Üçevler
100%
# 30 Ağustos Zafer
83%
A Akçalar
83%
A Altınşehir
83%
B Başköy
83%
Ç Çalı
83%
C Cumhuriyet
83%
D Demirci
83%
D Dumlupınar
83%
F Fethiye
83%
G Gölyazı
83%
K Karaman
83%
K Kayapa
83%
K Konak
83%
M Minareliçavuş
83%
Y Yolçatı
83%
Y Yüzüncüyıl
83%
A Ahmet Yesevi
67%
A Alaaddinbey
67%
A Atlas
67%
B Balkan
67%
Ç Çamlıca
67%
D Dağyenice
67%
D Doğan
67%
E Esentepe
67%
F Fadıllı
67%
H Hasanağa
67%
İ İrfaniye
67%
Ü Ürünlü
67%
Y Yaylacık
67%
B Badırga
50%
B Büyükbalıklı
50%
Ç Çatalağıl
50%
G Gökçe
50%
G Gümüştepe
50%
G Güngören
50%
İ İnegazi
50%
K Karacaoba
50%
K Konaklı
50%
K Kurtuluş
50%
K Kuruçeşme
50%
M Makşempınarı
50%
Ü Üçpınar
50%
U Unçukuru
50%
A Ayvaköy
33%
Ç Çaylı
33%
I Işıktepe
33%
K Kadriye
33%
K Kızılcıklı
33%
K Korubaşı
33%
K Kültür
33%
No matching quizzes found
Score Distribution
Percent of People with Each Score
Percentile by Number Answered
Your Score History
You have not taken this quiz